Sistem elektrik kereta

Bibliographic Details
Main Author: Rosli Hussin
Format: Book
Published: Kuala Lumpur : DBP , 1994
Subjects:

MARC

LEADER 00000cam a2200000 7i4500
001 0000003283
002 000003542
005 20000330.0
020 |a 9836234314 
090 0 0 |a 629.2549   |b ROS 
100 0 |a Rosli Hussin 
245 1 0 |a Sistem elektrik kereta   |c Rosli Hussin 
260 |a Kuala Lumpur :   |b DBP ,   |c 1994 
300 |a 251p. ;   |c 24cm. 
650 0 0 |a Automobiles   |x Electronic equipment 
999 |a 036850   |b BUKU   |c PINJAMAN   |e PERPUSTAKAAN KOMUNITI PETALING JAYA